Lisa - Rockstar (Lyrics) - Statistics

General Stats
  • This quiz has been taken 94 times
  • The average score is 252 of 336
Answer Stats
Lyrics % Correct
rock
97%
rockstar
97%
rockstar,
97%
a
95%
I
95%
me
93%
you
93%
I'm
90%
my
90%
"Lisa,
88%
Lisa
88%
that
88%
can
87%
Japanese?"
87%
life
87%
life,
87%
on
87%
the
87%
baby,
85%
go
85%
Make
85%
make
85%
teach
85%
when
85%
your
85%
said,
83%
said
83%
That's
82%
wanna
82%
she
80%
la,
78%
la
78%
singer
78%
rap,
77%
sittin'
77%
an
75%
dash,
75%
it
75%
favorite
73%
"Hai,
73%
Hai"
73%
is
73%
Gold
72%
teeth
72%
city
70%
what
70%
and
68%
do?
68%
It's
68%
it's
68%
catch
65%
Yes,
65%
yes,
65%
babe,
62%
kill
62%
Oh
62%
wish,
62%
Every
60%
mission,
60%
so
60%
call
58%
for
58%
hype,
58%
MIA,
58%
no
58%
thrill
58%
Been
57%
pretty
57%
shit,
55%
fast
53%
hard
53%
chase
52%
dress,
52%
like
52%
BKK
50%
diamonds,
50%
them
50%
they
50%
attitude
48%
Put
48%
Tight
47%
to
47%
in
45%
not
45%
spend
45%
come
43%
music
43%
stealin'
42%
tell
42%
boy,
40%
LV
38%
Ooh,
38%
pretendin'
38%
through
38%
goin'
37%
ponzu
37%
calendar
35%
are
33%
girls
33%
sent
33%
big
32%
cities
32%
Dippin'
30%
get
30%
mood?
27%
reppin'
27%
posin'
25%
don't
23%
outta
23%
No matching quizzes found
Score Distribution
Percent of People with Each Score
Percentile by Number Answered
Your Score History
You have not taken this quiz